I want to be a doctor / by Laura Driscoll ; illustrated by Catalina Echeverri.
Explains what a doctor is and what their responsibilities are, including helping people who are sick or hurt.
Record details
- ISBN: 9780062432414
- ISBN: 0062432419
- Physical Description: 31 pages : color illustrations ; 24 cm.
- Edition: First edition.
- Publisher: New York, NY : Harper, an imprint of HarperCollinsPublishers, [2018]
Content descriptions
| Target Audience Note: | Ages 4-8. |
Search for related items by subject
| Subject: | Physicians > Juvenile literature. Physical therapists > Juvenile literature. Pathologists > Juvenile literature. Hospitals > Juvenile literature. Illustrated children's books. |
| Genre: | Readers (Publications). |
Search for related items by series
Available copies
- 1 of 1 copy available at scottsboropl.
Holds
- 0 current holds with 1 total copy.
Show Only Available Copies
| Location | Call Number / Copy Notes | Barcode | Shelving Location | Status | Due Date |
|---|---|---|---|---|---|
| scottsboropl | BR Dri | 32269001102865 | Juvenile - Beginning Reader | Available | - |
| LDR | 01717nam a2200445Ii 4500 | ||
|---|---|---|---|
| 001 | 150020 | ||
| 003 | CONS | ||
| 005 | 20190208120102.0 | ||
| 008 | 180306t20182018nyua j 000 0 eng d | ||
| 010 | . | ‡a 2016949890 | |
| 020 | . | ‡a9780062432414 ‡q(hardback) | |
| 020 | . | ‡a0062432419 ‡q(hardback) | |
| 035 | . | ‡a(CPomAG)LMN610652 | |
| 050 | 1 | 4. | ‡aR690 ‡b.D75 2018 |
| 082 | 0 | 4. | ‡a610.69/5 ‡223 |
| 100 | 1 | . | ‡aDriscoll, Laura, ‡eauthor. |
| 245 | 1 | 0. | ‡aI want to be a doctor / ‡cby Laura Driscoll ; illustrated by Catalina Echeverri. |
| 250 | . | ‡aFirst edition. | |
| 264 | 1. | ‡aNew York, NY : ‡bHarper, an imprint of HarperCollinsPublishers, ‡c[2018] | |
| 300 | . | ‡a31 pages : ‡bcolor illustrations ; ‡c24 cm. | |
| 336 | . | ‡atext ‡btxt ‡2rdacontent | |
| 336 | . | ‡astill image ‡bsti ‡2rdacontent | |
| 337 | . | ‡aunmediated ‡bn ‡2rdamedia | |
| 338 | . | ‡avolume ‡bnc ‡2rdacarrier | |
| 490 | 1 | . | ‡aMy community |
| 490 | 1 | . | ‡aI can read! 1, Beginning reading |
| 520 | . | ‡aExplains what a doctor is and what their responsibilities are, including helping people who are sick or hurt. | |
| 521 | . | ‡aAges 4-8. | |
| 650 | 0. | ‡aPhysicians ‡vJuvenile literature. | |
| 650 | 0. | ‡aPhysical therapists ‡vJuvenile literature. | |
| 650 | 0. | ‡aPathologists ‡vJuvenile literature. | |
| 650 | 0. | ‡aHospitals ‡vJuvenile literature. | |
| 650 | 0. | ‡aIllustrated children's books. | |
| 655 | 7. | ‡aReaders (Publications). ‡2lcgft | |
| 700 | 1 | . | ‡aEcheverri, Catalina, ‡d1986- ‡eillustrator. |
| 800 | 1 | . | ‡aDriscoll, Laura. ‡tMy community. |
| 830 | 0. | ‡aI can read book. | |
| 914 | . | ‡aSCP_LP | |
| 959 | . | ‡i32269001102865 ‡lBR Dri ‡aJuvenile - Easy ‡tBeginning Reader ‡g17.00 | |
| 852 | . | ‡p32269001102865 ‡jBR Dri ‡gJuvenile - Easy ‡cBeginning Reader ‡y17.00 ‡bSBPL | |
| 901 | . | ‡a150020 ‡bUnknown ‡c150020 ‡tbiblio | |